000 00358pab a2200145 454500
008 180718b1985 xxu||||| |||| 00| 0 eng d
100 _aChitale, M.P.
245 _aBudget embodies welcome principles of corporate taxation
260 _c1985
300 _a713-21
362 _a20 Apr.
650 _aTaxation - India
773 _aCommerce
909 _a19008
999 _c19008
_d19008